000 00826cam a2200253 a 4500
001 3543287
005 20180301031500.0
008 970602s1997 nyu b 000 0 eng
010 _a 97023136
020 _a0805051260 (hardcover : alk. paper)
040 _aDLC
_cDLC
_dDLC
041 _aeng
080 _a332.6 lou
082 0 0 _a332.6 lou
_221
100 1 _a60
101 _abus
240 1 0 _aBook of lists
245 1 0 _aLouis Rukeyser's book of lists :
246 3 0 _aBook of lists
504 _aIncludes bibliographical references (p. [255]-257).
906 _a7
_bcbc
_corignew
_d1
_eocip
_f19
_gy-gencatlg
942 _2ddc
_cBK
999 _c43739
_d43739